| 000 | 00492pam a2200169 a 4500 | ||
|---|---|---|---|
| 020 | _a0867371277 : | ||
| 040 | _cDLC | ||
| 082 | 0 | 0 | _a640 MAC 1982 A053 Or. |
| 245 | 0 | 0 |
_aCreative living : _bbasic concepts in home economics / |
| 250 | _a2nd ed. | ||
| 260 |
_aNew York, N.Y. : _bMacLean Hunter Learning Resources, _cc1982. |
||
| 300 |
_aviii, 504 p. : _bill. (some col.) ; _c25 cm. |
||
| 500 | _aIncludes index. | ||
| 650 | 0 | _aHome economics | |
| 700 | 1 | _aFoster, Josephine A., | |
| 942 | _cEK | ||
| 999 |
_c14949 _d14949 |
||